X-Men Legends II: Rise of Apocalypse Playable Characters - Statistics

General Stats
  • This quiz has been taken 27 times
  • The average score is 20 of 25
Answer Stats
Answer % Correct
Cyclops
100%
Iceman
100%
Jean Grey
100%
Nightcrawler
100%
Storm
100%
Beast
95%
Colossus
95%
Gambit
95%
Magneto
95%
Toad
95%
Wolverine
95%
Rogue
90%
Bishop
86%
Juggernaut
86%
Professor X
81%
Pyro
81%
Cable
76%
Sabretooth
76%
Deadpool
71%
Scarlet Witch
62%
Cannonball
57%
Iron Man
57%
Sunfire
57%
X-Man
52%
Dark Phoenix
24%
No matching quizzes found
Score Distribution
Percent of People with Each Score
Percentile by Number Answered
Your Score History
You have not taken this quiz